• 首页
  • 本馆介绍
  • 公告通知
  • 最新文献
  • 馆藏检索
  • 电子资源
  • 读者导购
  • 参考咨询
  • 我的图书馆
  • 登录
  • 详细信息显示
  • 放入我的书架
  • 预约/预借图书
  • 作者相关作品
  • 分类相关作品
  • 丛书相关作品
  • 出版社相关作品

书目信息

  • 表格格式
  • 工作单格式
  • 卡片格式
题名:
保险纠纷案例
    
 
作者: 邹辉 著
分册:  
出版信息: 北京   经济日报出版社  2001
页数: 403页
开本: 20cm
丛书名:
单 册:
中图分类: D922.284.5
科图分类:
主题词: 法律--中国
电子资源:
ISBN: 7-80127-713-9
000 00651nam0 2200217 450
001 0757506911
005 20070729093124.68
010    @a7-80127-713-9@dCNY24.00
100    @a20070726d2001 km y0chiy0120 ea
101 0  @achi
102    @aCN@b110000
102    @aCN@b110000
200 1  @a保险纠纷案例@Abao xian jiu fen an li@e投保与理赔的规则技巧@f邹辉著@Fzou hui zhu
210    @a北京@c经济日报出版社@d2001
215    @a403页@d20cm
517 1  @a投保与理赔的规则技巧@Atou bao yu li pei de gui ze ji qiao
606 0  @a法律@x中国
690    @aD922.284.5@v3
701  0 @a邹辉@Azou hui@4著
801  0 @aCN@bPFT@c20070729
905    @a10447@dD922.284.5@e782
    
    保险纠纷案例:投保与理赔的规则技巧/邹辉著.-北京:经济日报出版社,2001
    403页;20cm
    
    
    ISBN 7-80127-713-9:CNY24.00
    
●
相关链接 在E读中查询图书 在五车中查询图书 在当当中查询图书 在豆瓣中查询图书


正题名:保险纠纷案例     索取号:D922.284.5/782         预约/预借

序号 登录号 条形码 馆藏地/架位号 状态 备注
1 0783940   207839400   第一借阅区/ [索取号:D922.284.5/782] 在馆    
唐山师范学院图书馆 欢迎您!
大连网信软件有限公司© 版权所有